Rapid Prototyping: 3D Printing and Additive Manufacturing Principles and Applications 5ED (Record no. 57694)
[ view plain ]
| 000 -LEADER | |
|---|---|
| fixed length control field | 00454nam a22001577a 4500 |
| 003 - CONTROL NUMBER IDENTIFIER | |
| control field | OSt |
| 005 - DATE AND TIME OF LATEST TRANSACTION | |
| control field | 20231124101856.0 |
| 008 - FIXED-LENGTH DATA ELEMENTS--GENERAL INFORMATION | |
| fixed length control field | 231124b |||||||| |||| 00| 0 eng d |
| 020 ## - INTERNATIONAL STANDARD BOOK NUMBER | |
| International Standard Book Number | 9780000987570 |
| 040 ## - CATALOGING SOURCE | |
| Transcribing agency | IIMT UNIVERSITY MEERUT |
| 100 ## - MAIN ENTRY--PERSONAL NAME | |
| Personal name | CHUA CHEE KAI |
| 245 ## - TITLE STATEMENT | |
| Title | Rapid Prototyping: 3D Printing and Additive Manufacturing Principles and Applications 5ED |
| 260 ## - PUBLICATION, DISTRIBUTION, ETC. | |
| Place of publication, distribution, etc. | NEW JERSEY |
| Name of publisher, distributor, etc. | WORLD SCIENTIFIC |
| 300 ## - PHYSICAL DESCRIPTION | |
| Extent | 426 |
| 942 ## - ADDED ENTRY ELEMENTS (KOHA) | |
| Source of classification or shelving scheme | |
| Koha item type | Book Bank |
| Edition | 5TH |
| Withdrawn status | Lost status | Source of classification or shelving scheme | Damaged status | Not for loan | Home library | Current library | Date acquired | Source of acquisition | Cost, normal purchase price | Total Checkouts | Full call number | Barcode | Date last seen | Date last checked out | Price effective from | Koha item type |
|---|---|---|---|---|---|---|---|---|---|---|---|---|---|---|---|---|
| IIMT University Central Library Meerut | IIMT University Central Library Meerut | 11/24/2023 | KIRTI PRAKASHAN | 1795.00 | 1 | 620.0042 CHU | 01-B-141050 | 09/11/2025 | 09/11/2025 | 11/24/2023 | Text-Book- for 7 days | |||||
| IIMT University Central Library Meerut | IIMT University Central Library Meerut | 11/24/2023 | KIRTI PRAKASHAN | 1795.00 | 620.0042 CHU | 01-B-141051 | 11/24/2023 | 11/24/2023 | Book Bank |

